[Event "ESP-chT CECLUB Div2"]
[Site "Linares"]
[Date "2014.08.19"]
[Round "2.7"]
[White "Perez Beltran, Jose Maria"]
[Black "Renilla Merchan, Andres"]
[Result "1/2-1/2"]
[WhiteElo "1697"]
[BlackElo "1866"]
[PlyCount "73"]
[EventDate "2014.08.18"]
[EventType "team-swiss"]
[EventRounds "6"]
[EventCountry "ESP"]
[SourceTitle "CBM 162 Extra"]
[Source "ChessBase"]
[SourceDate "2014.10.17"]
[SourceVersion "1"]
[SourceVersionDate "2014.10.17"]
[SourceQuality "1"]
[WhiteTeam "Albox Reverte"]
[BlackTeam "Salcedo Pielagos"]
[WhiteTeamCountry "ESP"]
[BlackTeamCountry "ESP"]

1. e4 e6 2. d4 d5 3. Nd2 Nf6 4. e5 Nfd7 5. Bd3 c5 6. c3 Nc6 7. Ne2 Be7 8. 0-0 Qb6 9. Nf3 Nf8 10. h4 Bd7 11. b3 cxd4 12. cxd4 f5 13. Bd2 Rc8 14. g3 Nb4 15. Bxb4 Bxb4 16. Rc1 Ng6 17. Rxc8+ Bxc8 18. Qc1 Qd8 19. a3 Ba5 20. b4 Bb6 21. h5 Ne7 22. Nf4 Nc6 23. Qb2 0-0 24. Rc1 Bd7 25. Bb5 Re8 26. Be2 Qe7 27. Kg2 Rc8 28. Bd3 Nd8 29. Rxc8 Bxc8 30. b5 Nf7 31. Qc3 Qc7 32. Qxc7 Bxc7 33. Kf1 Kf8 34. Ke2 Ke7 35. a4 Bd7 36. Bc2 a6 37. Bd3 1/2-1/2

[Event "ESP-chT CECLUB Div2"]
[Site "Linares"]
[Date "2014.08.18"]
[Round "1.4"]
[White "Renilla Merchan, Andres"]
[Black "Urbina Perez, Juan Antonio"]
[Result "0-1"]
[WhiteElo "1866"]
[BlackElo "2171"]
[PlyCount "84"]
[EventDate "2014.08.18"]
[EventType "team-swiss"]
[EventRounds "6"]
[EventCountry "ESP"]
[SourceTitle "CBM 162 Extra"]
[Source "ChessBase"]
[SourceDate "2014.10.17"]
[SourceVersion "1"]
[SourceVersionDate "2014.10.17"]
[SourceQuality "1"]
[WhiteTeam "Salcedo Pielagos"]
[BlackTeam "Cadiz Shahmat"]
[WhiteTeamCountry "ESP"]
[BlackTeamCountry "ESP"]

1. e4 e5 2. Nf3 Nc6 3. d4 exd4 4. Nxd4 Nf6 5. Nxc6 bxc6 6. Bd3 d6 7. 0-0 Be7 8. Nd2 0-0 9. b3 Nd7 10. Bb2 Bf6 11. Bxf6 Qxf6 12. Nf3 Re8 13. Re1 Rb8 14. Qd2 Nc5 15. b4 Nxd3 16. cxd3 Bg4 17. Rac1 Bxf3 18. gxf3 Qxf3 19. Qe2 Qh3 20. Rxc6 Re6 21. f4 Rg6+ 22. Kh1 Rxb4 23. Rxc7 h6 24. Rc2 d5 25. f5 Rg5 26. exd5 Qxf5 27. Rc4 Qxd5+ 28. Qe4 Qxe4+ 29. Rcxe4 Rxe4 30. Rxe4 Kf8 31. Ra4 a5 32. h4 Rd5 33. Kg2 Ke7 34. Kf2 Kd6 35. Ke3 Kc6 36. Ke4 Rh5 37. Rc4+ Rc5 38. Rd4 Rb5 39. Rc4+ Kd6 40. Ke3 Rb4 41. Kd4 g5 42. Rxb4 axb4 0-1

[Event "ESP-ch U18"]
[Site "Padron"]
[Date "2008.07.29"]
[Round "5"]
[White "Renilla Merchan, Andres"]
[Black "Villanueva Arguinberri, Bruno"]
[Result "1-0"]
[WhiteElo "1867"]
[BlackElo "1981"]
[PlyCount "33"]
[EventDate "2008.07.27"]
[EventType "swiss"]
[EventRounds "9"]
[EventCountry "ESP"]
[SourceTitle "CBM 125 Extra"]
[Source "ChessBase"]
[SourceDate "2008.09.01"]
[SourceVersion "1"]
[SourceVersionDate "2008.09.01"]
[SourceQuality "1"]

1. e4 d6 2. d4 c6 3. Nc3 Nd7 4. Be3 g6 5. Be2 Bg7 6. Qd2 e6 7. 0-0-0 d5 8. g4 b5 9. exd5 exd5 10. Re1 Ne7 11. h4 Nb6 12. Bg5 Be6 13. h5 f6 14. h6 Rg8 15. hxg7 fxg5 16. Rxh7 Qd7 17. Qxg5 1-0

[Event "ESP-ch U18"]
[Site "Padron"]
[Date "2008.07.29"]
[Round "4"]
[White "Sousa Barreiro, Bieito"]
[Black "Renilla Merchan, Andres"]
[Result "0-1"]
[WhiteElo "1587"]
[BlackElo "1867"]
[PlyCount "90"]
[EventDate "2008.07.27"]
[EventType "swiss"]
[EventRounds "9"]
[EventCountry "ESP"]
[SourceTitle "CBM 125 Extra"]
[Source "ChessBase"]
[SourceDate "2008.09.01"]
[SourceVersion "1"]
[SourceVersionDate "2008.09.01"]
[SourceQuality "1"]

1. d4 Nf6 2. c4 e5 3. dxe5 Ng4 4. Nf3 Bc5 5. e3 Nc6 6. Qd5 Qe7 7. a3 a5 8. g3 Ngxe5 9. Bg2 Nxf3+ 10. Qxf3 Ne5 11. Qe2 0-0 12. b3 Re8 13. 0-0 Ra6 14. Nc3 Rh6 15. e4 Rg6 16. Nd5 Qd8 17. Nf4 Rf6 18. Nd5 Rg6 19. Nf4 Rh6 20. Nd3 Nxd3 21. Qxd3 Rg6 22. Be3 Bxe3 23. Qxe3 d6 24. Qc3 b6 25. Rad1 Qe7 26. Rd2 Bb7 27. f3 h5 28. Bh1 Bc8 29. Rff2 h4 30. g4 Qg5 31. h3 Qf4 32. Kf1 Ba6 33. Ke1 Qg3 34. Bg2 Rxe4+ 35. Kd1 Rge6 36. Kc2 Re3 37. Qb2 Bb7 38. Kb1 Bxf3 39. Rxf3 Rxf3 40. Bxf3 Qxf3 41. Rf2 Qxh3 42. Rh2 Qf1+ 43. Ka2 h3 44. g5 a4 45. Qd4 Re2+ 0-1

[Event "Cantabria-ch Cup"]
[Site "Cantabria"]
[Date "2008.03.02"]
[Round "?"]
[White "Garcia Ortega, Jesus Angel"]
[Black "Renilla Merchan, Andres"]
[Result "1/2-1/2"]
[WhiteElo "2079"]
[BlackElo "1851"]
[PlyCount "43"]
[EventDate "2008.03.02"]
[EventType "swiss"]
[EventCountry "ESP"]
[SourceTitle "EXT 2024"]
[Source "ChessBase"]
[SourceDate "2023.10.10"]
[SourceVersion "1"]
[SourceVersionDate "2023.10.10"]
[SourceQuality "1"]

1. Nf3 Nf6 2. d4 g6 3. c4 c5 4. Nc3 Bg7 5. e4 cxd4 6. Nxd4 d6 7. Be2 Nc6 8. Be3 Bd7 9. f3 Rc8 10. Qd2 h5 11. Rd1 Ne5 12. b3 a6 13. 0-0 Nc6 14. Kh1 Ne5 15. Bg5 Nc6 16. Nc2 Qc7 17. Ne3 Qd8 18. Bd3 Nd4 19. Ned5 Nxd5 20. Nxd5 Nc6 21. Bb1 Be6 22. f4 1/2-1/2

[Event "Cantabria-ch U18"]
[Site "Cantabria"]
[Date "2008.01.13"]
[Round "5"]
[White "Varona Poncela, Tomas"]
[Black "Renilla Merchan, Andres"]
[Result "1-0"]
[WhiteElo "2111"]
[BlackElo "1858"]
[PlyCount "57"]
[EventDate "2008.11.09"]
[EventType "swiss"]
[EventRounds "5"]
[EventCountry "ESP"]
[SourceTitle "EXT 2024"]
[Source "ChessBase"]
[SourceDate "2023.10.10"]
[SourceVersion "1"]
[SourceVersionDate "2023.10.10"]
[SourceQuality "1"]

1. e4 e6 2. d3 d5 3. Nd2 c5 4. g3 Nf6 5. Bg2 Nc6 6. f4 Be7 7. Ngf3 b5 8. 0-0 a5 9. c3 0-0 10. Qe2 Ba6 11. e5 Nd7 12. g4 b4 13. c4 dxc4 14. dxc4 Qc7 15. b3 Nb6 16. Bb2 a4 17. Rad1 a3 18. Ba1 Rad8 19. f5 exf5 20. gxf5 Nd5 21. Ne4 f6 22. exf6 Bxf6 23. Nxf6+ Nxf6 24. Qe6+ Kh8 25. Rxd8 Nxd8 26. Qxa6 Ng4 27. f6 gxf6 28. h3 Ne3 29. Bxf6+ 1-0

[Event "Cantabria-ch U18"]
[Site "Cantabria"]
[Date "2007.11.18"]
[Round "3"]
[White "Cabeza Alfonso, Ricardo"]
[Black "Renilla Merchan, Andres"]
[Result "1-0"]
[WhiteElo "1910"]
[BlackElo "1851"]
[PlyCount "41"]
[EventDate "2007.11.04"]
[EventType "tourn"]
[EventCountry "ESP"]
[SourceTitle "EXT 2024"]
[Source "ChessBase"]
[SourceDate "2023.10.10"]
[SourceVersion "1"]
[SourceVersionDate "2023.10.10"]
[SourceQuality "1"]

1. Nf3 d5 2. b4 Nf6 3. Bb2 e6 4. a3 c5 5. bxc5 Bxc5 6. d4 Bd6 7. e3 Qb6 8. Bc1 Nc6 9. Nbd2 Na5 10. Ne5 Bxe5 11. dxe5 Ne4 12. Qg4 0-0 13. Nxe4 dxe4 14. Qxe4 f5 15. exf6 Rxf6 16. Bd3 g6 17. Qe5 Rf7 18. Bb2 Kf8 19. Bd4 Qd8 20. Qh8+ Ke7 21. Bc5+ 1-0